the 1 lyrics - Statistics

General Stats
  • This quiz has been taken 133 times
  • The average score is 268 of 305
Answer Stats
Lyrics % Correct
be
100%
on
100%
the
100%
Been
98%
been
98%
by
98%
I
98%
I,
98%
you
98%
You
98%
"no"
96%
of
96%
one
96%
at
94%
doing
94%
good,
94%
I'm
94%
in
94%
In
94%
instead
94%
my
94%
new
94%
saw
94%
saying
94%
shit
94%
shit,
94%
so?
94%
some
94%
would
94%
would've
94%
"yes"
94%
didn't
93%
have
93%
if
93%
If
93%
it
93%
me,
93%
me
93%
though
93%
to
93%
And
91%
and
91%
bus
91%
But
91%
but
91%
don't
91%
something,
91%
stop,
91%
think
91%
we
91%
We
91%
were
91%
your
91%
baby,
89%
came
89%
had
89%
never
89%
true,
89%
wishes
89%
it's
87%
thought
87%
time
87%
you're
87%
all
85%
alone
85%
defense,
85%
different,
85%
different
85%
fun,
85%
greatest
85%
her
85%
home
85%
know
85%
know,
85%
made
85%
making
85%
none
85%
now
85%
pool
85%
take
85%
are
83%
count
83%
numbers,
83%
pennies
83%
thing
83%
today?
83%
alright
81%
everything
81%
Internet
81%
over
81%
really
81%
should've
81%
tossing
81%
gonna
80%
grow
80%
meet
80%
resist
80%
woman
80%
for
78%
leaving
78%
own
78%
ask
76%
films
76%
guess
76%
loves
76%
bleed,
74%
up
74%
wanted
74%
cool
72%
could've
72%
enough
72%
night
72%
painted
72%
persist
72%
showed
72%
temptation
72%
well
72%
another
70%
day
70%
each
70%
this
70%
20s,
69%
having
69%
hit
69%
dream
67%
ground
67%
Roaring
67%
Sunday
67%
waking
67%
adventures
63%
matinée
61%
running
61%
family
57%
sweet,
57%
chosen
52%
digging
52%
grave
52%
with
50%
Rosé
41%
flowing
35%
No matching quizzes found
Score Distribution
Percent of People with Each Score
Percentile by Number Answered
Your Score History
You have not taken this quiz